[Event "SV Sundern 1 - SF Brackel 1"]
[Site "NRW-Klasse. Gruppe 1 2017/201"]
[Date "2018.01.28"]
[Round "5.6"]
[White "Schober, Ralf"]
[Black "Korten, Lando"]
[Result "1-0"]
[WhiteElo "2017"]
[BlackElo "2094"]
[Annotator "Daniel"]
[PlyCount "137"]
[EventDate "2018.??.??"]
[WhiteTeam "SV Sundern 1"]
[BlackTeam "SF Brackel 1"]

1. Nf3 Nf6 2. d4 g6 3. Nc3 d5 4. Bf4 Bg7 5. Qd2 O-O 6. h3 Ne4 7. Nxe4 dxe4 8.
Ne5 Nd7 9. Nxd7 Bxd7 10. e3 c5 11. c3 Qb6 12. Be2 Rfd8 13. Qc2 Rac8 14. Qb3
cxd4 15. exd4 e5 16. Qxb6 axb6 17. dxe5 Be6 18. Bg4 Re8 19. Bxe6 Rxe6 20. O-O-O
Bxe5 21. Bxe5 Rxe5 22. Rhe1 Rc7 23. Rd4 Rce7 24. Red1 f5 25. Rd6 Kg7 26. R1d5
Rxd5 27. Rxd5 Kf6 28. Kd2 Ke6 29. Rb5 Rd7+ 30. Ke3 Rd6 31. a4 Rd3+ 32. Ke2 Rd6
33. g3 h6 34. h4 Kf6 35. c4 Rc6 36. b3 Ke6 37. f3 exf3+ 38. Kxf3 Rd6 39. Kf4
Kf6 40. Ke3 g5 $11 41. hxg5+ Kxg5 42. Rd5 Re6+ 43. Kf2 Kf6 44. Kf3 Kg5 45. Rd7
h5 46. Rg7+ Kf6 47. Rxb7 Ke5 48. Rd7 h4 49. Rd5+ Kf6 50. gxh4 Re1 51. Rd6+ Ke5
52. Rxb6 Rf1+ 53. Kg2 Rc1 54. h5 Kf4 55. Rd6 Rc2+ 56. Kf1 Kf3 57. Rd3+ Kg4 58.
h6 Rh2 59. b4 f4 60. b5 f3 61. Rd6 Rh1+ 62. Kf2 Rh2+ 63. Ke3 Re2+ 64. Kd3 Re7
65. Rf6 Kg3 66. a5 f2 67. a6 Re6 68. Rxf2 Kxf2 69. a7 1-0

[Event "SV Sundern 1 - SF Brackel 1"]
[Site "NRW-Klasse. Gruppe 1 2017/201"]
[Date "2018.01.28"]
[Round "5.7"]
[White "Strathoff, Martin"]
[Black "Schreiber, Dieter"]
[Result "1-0"]
[WhiteElo "2032"]
[BlackElo "1717"]
[Annotator "Daniel"]
[PlyCount "51"]
[EventDate "2018.??.??"]
[WhiteTeam "SF Brackel 1"]
[BlackTeam "SV Sundern 1"]

1. d4 Nf6 2. c4 e5 3. dxe5 Ng4 4. e4 Nxe5 5. f4 Ng6 6. Be3 Bb4+ 7. Nd2 d6 8.
Qb3 Nc6 9. Ngf3 Qe7 10. O-O-O Bc5 11. Bxc5 dxc5 12. g3 b6 13. Qc3 O-O 14. Bd3
f6 $11 15. h3 Nb4 16. Bb1 Bb7 17. a3 Nc6 18. h4 Rfe8 19. Rhe1 Rad8 20. h5 Nf8
21. h6 Ne6 22. Nb3 gxh6 23. e5 Rxd1+ 24. Rxd1 Nxe5 25. fxe5 Bxf3 26. exf6 1-0

[Event "SV Sundern 1 - SF Brackel 1"]
[Site "NRW-Klasse. Gruppe 1 2017/201"]
[Date "2018.01.28"]
[Round "5.8"]
[White "Rutgers, Dick"]
[Black "Kartsev, Nikolay"]
[Result "0-1"]
[WhiteElo "1619"]
[BlackElo "2019"]
[PlyCount "62"]
[EventDate "2018.??.??"]
[WhiteTeam "SV Sundern 1"]
[BlackTeam "SF Brackel 1"]

1. e4 c5 2. Nf3 d6 3. d4 cxd4 4. Nxd4 Nf6 5. f3 Nc6 6. c4 g6 7. Be3 Bg7 8. Qd2
O-O 9. Nc3 a6 10. Rd1 Nd7 11. Be2 Nde5 12. O-O Bd7 13. h3 Rc8 14. b3 f5 15.
Nxc6 bxc6 16. f4 Nf7 17. Bd4 e5 18. fxe5 Nxe5 19. c5 dxc5 20. Bxc5 Rf7 21. Bxa6
Qa5 22. Bxc8 Qxc5+ 23. Kh1 Bxc8 24. Na4 Qa7 25. Qb4 Ba6 26. Rd8+ Bf8 27. Rfd1
Nd3 28. R1xd3 Bxd3 29. Nc5 fxe4 30. Ne6 Qf2 31. Qd6 Bf1 0-1

[Event "Bielefelder SK 1 - Brühler SK 1"]
[Site "NRW-Klasse. Gruppe 1 2017/201"]
[Date "2018.01.28"]
[Round "5.1"]
[White "Loifenfeld, Jakov"]
[Black "Forchert, Martin"]
[Result "1-0"]
[WhiteElo "2413"]
[BlackElo "2282"]
[PlyCount "135"]
[EventDate "2018.??.??"]
[WhiteTeam "Brühler SK 1"]
[BlackTeam "Bielefelder SK 1"]

1. Nf3 Nf6 2. c4 g6 3. Nc3 d5 4. cxd5 Nxd5 5. Qb3 Nb6 6. d4 Bg7 7. Bf4 Bg4 8.
Ng5 O-O 9. h3 Bd7 10. e3 Nc6 11. d5 Ne5 12. Rd1 c6 13. dxc6 Nxc6 14. Nge4 Qc8
15. Nc5 Bf5 16. Be2 Nd7 17. Nxd7 Bxd7 18. O-O Be6 19. Qa3 Rd8 20. Nb5 Rxd1 21.
Rxd1 Bd7 22. Qd3 Be8 23. Nc7 e5 24. Nxe8 exf4 25. Nxg7 Kxg7 26. exf4 Qe6 27.
Qc3+ Kg8 28. Bc4 Qf5 29. Qe3 Qc2 30. Qb3 Qxb3 31. Bxb3 Na5 32. Bd5 Rc8 33. b4
Nc6 34. Rc1 Rd8 35. Bxc6 bxc6 36. Rxc6 Rd4 37. a3 a5 38. b5 a4 39. b6 Rd1+ 40.
Kh2 Rb1 41. g4 Kg7 42. Kg2 Rb3 43. Rc4 Rxb6 44. Rxa4 Rb3 45. Ra6 h6 46. h4 Rc3
47. g5 hxg5 48. fxg5 Rd3 49. a4 Rd4 50. Kg3 Rc4 51. a5 Ra4 52. Ra8 Kh7 53. a6
Kg7 54. f4 Kh7 55. Kf3 Kg7 56. Kg4 Kh7 57. h5 gxh5+ 58. Kxh5 Rxf4 59. Rf8 Kg7
60. a7 Kxf8 61. a8=Q+ Kg7 62. Qa1+ Kg8 63. Qe5 Rf1 64. Qd5 Kg7 65. Qd4+ Kg8 66.
g6 fxg6+ 67. Kxg6 Rf6+ 68. Kxf6 1-0

[Event "Bielefelder SK 1 - Brühler SK 1"]
[Site "NRW-Klasse. Gruppe 1 2017/201"]
[Date "2018.01.28"]
[Round "5.2"]
[White "Gruen, Gerd-Peter"]
[Black "Schiffer, Stefan"]
[Result "0-1"]
[WhiteElo "2215"]
[BlackElo "2201"]
[PlyCount "134"]
[EventDate "2018.??.??"]
[WhiteTeam "Bielefelder SK 1"]
[BlackTeam "Brühler SK 1"]

1. d4 Nf6 2. Nf3 e6 3. c4 c5 4. d5 exd5 5. cxd5 d6 6. Nc3 g6 7. g3 Bg7 8. Bg2
O-O 9. O-O Re8 10. Bf4 Ne4 11. Nxe4 Rxe4 12. Nd2 Rxf4 13. gxf4 Bxb2 14. Rb1 Bg7
15. Nc4 b5 16. Rxb5 Ba6 17. Qa4 Bxb5 18. Qxb5 Bf8 19. Na5 Qb6 20. Rb1 Na6 21.
Nc6 c4 22. a4 Nc7 23. Qb4 Na6 24. Qe1 Qc5 25. Qc1 c3 26. e4 c2 27. Rb2 Qa3 28.
Qxc2 Re8 29. e5 Nc5 30. e6 Qa1+ 31. Rb1 Qf6 32. f5 gxf5 33. Re1 fxe6 34. dxe6
Nxe6 35. Nxa7 Kh8 36. Qc6 Re7 37. Nb5 Rg7 38. Kh1 Nf4 39. Rg1 Nxg2 40. Qc3 Qxc3
41. Nxc3 Nf4 42. Rxg7 Bxg7 43. Nb5 Be5 44. a5 Nd5 45. a6 Nb6 46. a7 d5 47. Kg2
Kg7 48. Kf3 d4 49. Ke2 Kf6 50. Kd3 Ke6 51. Nxd4+ Bxd4 52. Kxd4 Kd6 53. h4 h5
54. f4 Na8 55. Kc4 Nc7 56. Kb4 Kd5 57. Kb3 Kc5 58. Kc2 Kc4 59. Kb2 Na8 60. Ka3
Kc5 61. Kb3 Nc7 62. Kc2 Kc6 63. Kd3 Kd5 64. Ke3 Kc4 65. Kd2 Kd4 66. Kc2 Ke4 67.
Kb3 Kxf4 0-1

[Event "Bielefelder SK 1 - Brühler SK 1"]
[Site "NRW-Klasse. Gruppe 1 2017/201"]
[Date "2018.01.28"]
[Round "5.3"]
[White "Keller, Thomas"]
[Black "Kruse, Herbert"]
[Result "0-1"]
[WhiteElo "2234"]
[BlackElo "2175"]
[Annotator "Daniel"]
[PlyCount "124"]
[EventDate "2018.??.??"]
[WhiteTeam "Brühler SK 1"]
[BlackTeam "Bielefelder SK 1"]

1. e4 c5 2. Nf3 d6 3. g3 Nf6 4. d3 Nc6 5. Bg2 g6 6. O-O Bg7 7. Re1 e5 8. c3 O-O
9. Nbd2 b5 10. a4 b4 11. Nc4 Be6 12. Bd2 Rb8 13. Ne3 bxc3 14. bxc3 Qa5 15. c4
Qc7 16. Nd5 Bxd5 17. exd5 Nb4 18. Bc3 Rfe8 19. Ng5 h6 20. Ne4 Nd7 21. g4 $11
Kh7 22. Ng3 Bf6 23. Be4 Bg5 24. Kg2 Kg7 25. Rh1 Qd8 26. Rb1 a5 27. Bf3 Bh4 28.
Rg1 Qe7 29. Qe2 Kh7 30. Kh1 Bg5 31. Be4 Nf6 32. Qf3 Rg8 33. Nh5 Nxe4 34. Qxe4
Kh8 35. Ng3 Kh7 36. Rgf1 Rbf8 37. f3 Qd7 38. Ra1 f5 39. Qe2 Bf4 40. Kg2 Qd8 41.
Rh1 Qh4 42. Be1 Qf6 43. Bc3 fxg4 44. fxg4 Bxg3 45. hxg3 g5 46. Bxb4 cxb4 47.
Rac1 Rf7 48. Rhf1 Qe7 49. Qe4+ Kg7 50. Rxf7+ Qxf7 51. c5 Rc8 52. Rf1 Qe7 53. c6
b3 54. d4 b2 55. dxe5 dxe5 56. Rb1 Rb8 57. Kh3 Qd6 58. Qc4 Qg6 59. Qf1 h5 60.
c7 hxg4+ 61. Kg2 Qe4+ 62. Kg1 Rh8 0-1

[Event "Bielefelder SK 1 - Brühler SK 1"]
[Site "NRW-Klasse. Gruppe 1 2017/201"]
[Date "2018.01.28"]
[Round "5.4"]
[White "Goeßling, Guido"]
[Black "Schaefer, Juergen"]
[Result "1-0"]
[WhiteElo "2127"]
[BlackElo "2164"]
[PlyCount "103"]
[EventDate "2018.??.??"]
[WhiteTeam "Bielefelder SK 1"]
[BlackTeam "Brühler SK 1"]

1. e4 d6 2. d4 Nf6 3. Nc3 g6 4. Be3 c6 5. Qd2 b5 6. Bd3 Nbd7 7. Nf3 Nb6 8. O-O
Bg7 9. Bh6 O-O 10. Rfe1 Rb8 11. b3 Bg4 12. Bxg7 Kxg7 13. Qf4 Bxf3 14. Qxf3 e5
15. Qe3 Qe7 16. a4 b4 17. Ne2 Nh5 18. a5 Nc8 19. Bc4 h6 20. c3 c5 21. Red1 Nf6
22. f3 Qc7 23. Qd3 Nd7 24. f4 Nf6 25. Rf1 Ne7 26. fxe5 dxe5 27. Qf3 Neg8 28.
Kh1 bxc3 29. dxe5 Qxe5 30. Nxc3 Rbd8 31. Rae1 Rd4 32. Nb5 Rd7 33. Nc3 Ne7 34.
Re2 Nh7 35. Nd5 Ng5 36. Qe3 Nxd5 37. exd5 Qd6 38. Qc3+ Kg8 39. Rf6 Qb8 40. Qe3
Rd6 41. Rxd6 Qxd6 42. Qe7 Rd8 43. Qxa7 Kf8 44. a6 Rd7 45. Qa8+ Kg7 46. Qe8 Ne6
47. Kg1 Rd8 48. Qc6 Nd4 49. Qxd6 Nxe2+ 50. Bxe2 Rxd6 51. a7 Rd8 52. d6 1-0

[Event "Bielefelder SK 1 - Brühler SK 1"]
[Site "NRW-Klasse. Gruppe 1 2017/201"]
[Date "2018.01.28"]
[Round "5.5"]
[White "Gramb, Marius"]
[Black "Forchert, Niko"]
[Result "1-0"]
[WhiteElo "2039"]
[BlackElo "2085"]
[PlyCount "59"]
[EventDate "2018.??.??"]
[WhiteTeam "Brühler SK 1"]
[BlackTeam "Bielefelder SK 1"]

1. d4 d5 2. c4 c6 3. Nf3 Nf6 4. e3 a6 5. Bd3 e6 6. b3 Be7 7. O-O O-O 8. Nbd2 c5
9. Bb2 Nc6 10. a3 b6 11. Qc2 h6 12. Rac1 Bb7 13. Rfd1 cxd4 14. exd4 dxc4 15.
bxc4 Rc8 16. Nb3 Bd6 17. Qe2 Qe7 18. Ra1 Rfd8 19. Rdc1 a5 20. Nbd2 Bb8 21. Ne4
Nxe4 22. Bxe4 Bd6 23. Re1 Rd7 24. Qc2 Qd8 25. d5 exd5 26. Bh7+ Kh8 27. Bf5 Ne7
28. Bxd7 Rxc4 29. Qd2 Qxd7 30. Qxh6+ 1-0

[Event "Bielefelder SK 1 - Brühler SK 1"]
[Site "NRW-Klasse. Gruppe 1 2017/201"]
[Date "2018.01.28"]
[Round "5.6"]
[White "Roemhild, Marcus"]
[Black "Spilles, Matthias"]
[Result "1-0"]
[WhiteElo "2012"]
[BlackElo "2139"]
[PlyCount "115"]
[EventDate "2018.??.??"]
[WhiteTeam "Bielefelder SK 1"]
[BlackTeam "Brühler SK 1"]

1. c4 e5 2. g3 Nc6 3. Nc3 Bc5 4. Bg2 a6 5. a3 Ba7 6. e3 d6 7. Nge2 Nge7 8. d4
exd4 9. exd4 Nf5 10. O-O Nfxd4 11. Nxd4 Nxd4 12. Be3 Ne6 13. Bxa7 Rxa7 14. f4
O-O 15. f5 Nc5 16. f6 gxf6 17. b4 Nd7 18. Nd5 c6 19. Qd4 cxd5 20. Qxa7 dxc4 21.
Rad1 Nb6 22. Qb8 Bg4 23. Qxd8 Rxd8 24. Rd4 Be2 25. Re1 Bh5 26. Bxb7 Bg6 27.
Bxa6 c3 28. Rc1 Ra8 29. b5 c2 30. a4 d5 31. a5 Nc4 32. Rxd5 Nxa5 33. Rc5 Nb3
34. R1xc2 Nxc5 35. Rxc5 Bd3 36. Kf2 Re8 37. Rc3 Re2+ 38. Kf3 Bxb5 39. Bxb5 Rxh2
40. Rc7 Kg7 41. Bc4 h5 42. Rxf7+ Kg6 43. Ra7 Kg5 44. Ra5+ Kh6 45. Be6 Kg6 46.
Bf5+ Kh6 47. Rb5 Ra2 48. Be6 Rh2 49. Bf7 h4 50. g4 Kg7 51. Be6 Rc2 52. Rh5 Rh2
53. Bf5 Kg8 54. Ke4 Rh1 55. Kd5 h3 56. Ke6 h2 57. Kxf6 Ra1 58. Be6+ 1-0

[Event "Bielefelder SK 1 - Brühler SK 1"]
[Site "NRW-Klasse. Gruppe 1 2017/201"]
[Date "2018.01.28"]
[Round "5.7"]
[White "Engel, Johann"]
[Black "Danielmeier, Ralf"]
[Result "1/2-1/2"]
[WhiteElo "2033"]
[BlackElo "2001"]
[Annotator "Daniel"]
[PlyCount "67"]
[EventDate "2018.??.??"]
[WhiteTeam "Brühler SK 1"]
[BlackTeam "Bielefelder SK 1"]

1. d4 Nf6 2. c4 g6 3. Nc3 d5 4. Bf4 Bg7 5. e3 dxc4 6. Bxc4 O-O 7. Nf3 c5 8.
dxc5 Nbd7 9. O-O Nxc5 10. Qxd8 Rxd8 11. Ng5 Be6 12. Nxe6 Nxe6 13. Bxe6 fxe6 14.
Be5 Rd2 15. Nb5 Nd5 16. Bxg7 Kxg7 17. Rab1 Rc8 18. Nd4 e5 19. Nf3 Re2 20. Nxe5
Rcc2 21. Nd3 Nxe3 22. Rfe1 Nc4 23. b3 Nd6 24. Rxe2 Rxe2 25. Rb2 Re4 26. Kf1 Kf6
$11 27. Rc2 Rd4 28. Ke2 a5 29. f3 h5 30. Rc7 a4 31. Ke3 Nf5+ 32. Ke2 axb3 33.
axb3 Nd6 34. Ke3 1/2-1/2

[Event "Bielefelder SK 1 - Brühler SK 1"]
[Site "NRW-Klasse. Gruppe 1 2017/201"]
[Date "2018.01.28"]
[Round "5.8"]
[White "Gruettemeier, Uwe"]
[Black "Yeritsyan, Artur"]
[Result "1-0"]
[WhiteElo "2009"]
[BlackElo "1884"]
[PlyCount "109"]
[EventDate "2018.??.??"]
[WhiteTeam "Bielefelder SK 1"]
[BlackTeam "Brühler SK 1"]

1. d4 d5 2. Nf3 Nf6 3. c4 e6 4. Bg5 Be7 5. e3 O-O 6. Nc3 Nbd7 7. Qc2 c6 8. Rd1
b6 9. Bd3 Bb7 10. O-O h6 11. Bh4 Rc8 12. Qe2 Re8 13. cxd5 exd5 14. Ba6 Bxa6 15.
Qxa6 Ne4 16. Bxe7 Rxe7 17. Rc1 Nxc3 18. Rxc3 Qc7 19. Rfc1 Re6 20. h3 c5 21. Qb5
Qd6 22. dxc5 bxc5 23. Qa4 Nb6 24. Qa6 Ree8 25. a4 Qd7 26. a5 Na4 27. Rb3 Rb8
28. Ne5 Qc7 29. Rxb8 Rxb8 30. Nc6 Rxb2 31. Nxa7 c4 32. Nb5 Qc5 33. Nd4 c3 34.
Qa8+ Kh7 35. Qe8 Qxa5 36. Qxf7 Qa8 37. Ne6 Rb7 38. Qf5+ Kh8 39. Qxd5 Qc8 40.
Nd4 Rb2 41. Qe4 Qf8 42. Ne6 Qxf2+ 43. Kh2 Qf7 44. Nf4 Ra2 45. Rd1 Rd2 46. Rxd2
cxd2 47. Qxa4 Qc7 48. Qd4 d1=R 49. Qxd1 g5 50. Qd4+ Kg8 51. Qf6 gxf4 52. Qg6+
Kh8 53. Qxh6+ Kg8 54. Qxf4 Qc2 55. e4 1-0

[Event "Düsseldorfer SK 2 - SC Rochade Emsdette"]
[Site "NRW-Klasse. Gruppe 1 2017/201"]
[Date "2018.01.28"]
[Round "5.2"]
[White "Hainke, Guntram"]
[Black "Kabatianski, Alexander"]
[Result "1-0"]
[WhiteElo "2303"]
[BlackElo "2307"]
[PlyCount "71"]
[EventDate "2018.??.??"]
[WhiteTeam "Düsseldorfer SK 2"]
[BlackTeam "SC Rochade Emsdetten 1"]

1. d4 Nf6 2. c4 e6 3. Nc3 Bb4 4. e3 O-O 5. Nge2 c6 6. a3 Ba5 7. Ng3 d5 8. Bd3
dxc4 9. Bxc4 e5 10. O-O Nbd7 11. Ba2 Bc7 12. d5 cxd5 13. Nxd5 Nxd5 14. Qxd5 Nf6
15. Qxd8 Rxd8 16. e4 Bb6 17. Bg5 Be6 18. Nf5 Bxa2 19. Rxa2 Rd3 20. Bxf6 gxf6
21. b4 Rad8 22. h4 Kf8 23. Rc1 Ke8 24. Kh2 Rb3 25. Rc4 a6 26. a4 Bd4 27. Rac2
b5 28. axb5 axb5 29. Rc7 Rd7 30. Rc8+ Rd8 31. Ng7+ Kf8 32. Rxd8+ Kxg7 33. Rd7
f5 34. exf5 Kf6 35. g4 Rf3 36. Rcc7 1-0

[Event "Düsseldorfer SK 2 - SC Rochade Emsdette"]
[Site "NRW-Klasse. Gruppe 1 2017/201"]
[Date "2018.01.28"]
[Round "5.3"]
[White "Hiller, Simon"]
[Black "Reinke, Markus"]
[Result "0-1"]
[WhiteElo "2113"]
[BlackElo "2152"]
[PlyCount "70"]
[EventDate "2018.??.??"]
[WhiteTeam "SC Rochade Emsdetten 1"]
[BlackTeam "Düsseldorfer SK 2"]

1. Nf3 f5 2. g3 Nf6 3. Bg2 d6 4. d4 e6 5. c4 Be7 6. O-O O-O 7. Nc3 a5 8. Qc2
Nc6 9. a3 e5 10. d5 Nb8 11. e4 Nxe4 12. Nxe4 fxe4 13. Ne1 Qe8 14. Bxe4 Qh5 15.
f4 exf4 16. Rxf4 Rxf4 17. Bxf4 Bf6 18. Be3 Nd7 19. Nd3 Ne5 20. Nxe5 Bxe5 21.
Rf1 Bh3 22. Bg2 Bxg2 23. Qxg2 Re8 24. b4 axb4 25. axb4 Bc3 26. Bf2 Bxb4 27. Rb1
Bc5 28. Bxc5 dxc5 29. d6 Re2 30. Qd5+ Qxd5 31. cxd5 cxd6 32. Rb6 c4 33. Rxd6 c3
34. Rd8+ Kf7 35. Rc8 c2 0-1

[Event "Düsseldorfer SK 2 - SC Rochade Emsdette"]
[Site "NRW-Klasse. Gruppe 1 2017/201"]
[Date "2018.01.28"]
[Round "5.4"]
[White "Krause, Thomas"]
[Black "Lehmann, Holger"]
[Result "0-1"]
[WhiteElo "2165"]
[BlackElo "2168"]
[Annotator "Daniel"]
[PlyCount "68"]
[EventDate "2018.??.??"]
[WhiteTeam "Düsseldorfer SK 2"]
[BlackTeam "SC Rochade Emsdetten 1"]

1. c4 e5 2. Nc3 Nc6 3. e3 Nf6 4. Nf3 h6 5. a3 d5 6. cxd5 Nxd5 7. Bb5 Nxc3 8.
bxc3 Bd6 9. d4 exd4 10. cxd4 O-O 11. Bd3 Qf6 12. Rb1 b6 13. Qc2 Re8 14. O-O Bg4
15. Nd2 Na5 16. Ne4 Qe7 17. Nxd6 Qxd6 18. Bb2 Rad8 19. Rbc1 c5 20. Bb5 Re6 21.
dxc5 Qxc5 22. Qxc5 bxc5 23. f3 Rb6 $11 24. a4 Be6 25. Ba3 Nb3 26. Rc2 a6 27.
Be2 c4 28. Rd1 Rxd1+ 29. Bxd1 Na5 30. Be2 Rb1+ 31. Rc1 Rb3 32. Bc5 Rb2 33. Kf1
Nb3 34. Bd4 Rxe2 0-1

[Event "Düsseldorfer SK 2 - SC Rochade Emsdette"]
[Site "NRW-Klasse. Gruppe 1 2017/201"]
[Date "2018.01.28"]
[Round "5.5"]
[White "Lemli, Thomas"]
[Black "von Buenau, Heinrich"]
[Result "1/2-1/2"]
[WhiteElo "1976"]
[BlackElo "2182"]
[PlyCount "28"]
[EventDate "2018.??.??"]
[WhiteTeam "SC Rochade Emsdetten 1"]
[BlackTeam "Düsseldorfer SK 2"]

1. Nf3 Nf6 2. c4 e6 3. g3 b6 4. Bg2 Bb7 5. O-O Be7 6. b3 O-O 7. Bb2 d6 8. d4
Ne4 9. Nfd2 d5 10. Nxe4 dxe4 11. Nc3 f5 12. e3 Nd7 13. f3 exf3 14. Bxf3 Qc8
1/2-1/2

[Event "Düsseldorfer SK 2 - SC Rochade Emsdette"]
[Site "NRW-Klasse. Gruppe 1 2017/201"]
[Date "2018.01.28"]
[Round "5.6"]
[White "Berndt, Axel"]
[Black "Delere, Adrian"]
[Result "1/2-1/2"]
[WhiteElo "2151"]
[BlackElo "1765"]
[PlyCount "60"]
[EventDate "2018.??.??"]
[WhiteTeam "Düsseldorfer SK 2"]
[BlackTeam "SC Rochade Emsdetten 1"]

1. e4 e5 2. Nf3 Nc6 3. d4 exd4 4. Nxd4 Nf6 5. Nxc6 bxc6 6. e5 Qe7 7. Qe2 Nd5 8.
c4 Ba6 9. b3 g6 10. Bb2 Bg7 11. g3 O-O 12. Bg2 Rae8 13. O-O Bxe5 14. Bxe5 Qxe5
15. Qxe5 Rxe5 16. cxd5 Bxf1 17. Kxf1 cxd5 18. Nc3 c6 19. Rd1 Rfe8 20. Bf3 a5
21. h4 h5 22. Na4 Kf8 23. Nc5 Ke7 24. Rd4 Kd6 25. Nd3 Rf5 26. Nf4 Kc5 27. Ra4
Kb6 28. Rd4 Kc5 29. Ra4 Kb6 30. Rd4 Kc5 1/2-1/2

[Event "Düsseldorfer SK 2 - SC Rochade Emsdette"]
[Site "NRW-Klasse. Gruppe 1 2017/201"]
[Date "2018.01.28"]
[Round "5.7"]
[White "Noering, Andreas"]
[Black "Hoenig, Alexander"]
[Result "0-1"]
[WhiteElo "1847"]
[BlackElo "2133"]
[Annotator "Daniel"]
[PlyCount "90"]
[EventDate "2018.??.??"]
[WhiteTeam "SC Rochade Emsdetten 1"]
[BlackTeam "Düsseldorfer SK 2"]

1. e4 c6 2. Nf3 d5 3. Nc3 g6 4. exd5 cxd5 5. d4 Bg4 6. h3 Bxf3 7. Qxf3 e6 8.
Bb5+ Nc6 9. O-O Bg7 10. Ne2 Nge7 11. Bg5 Qb6 12. Bxc6+ Nxc6 13. c3 O-O 14. Rab1
Rfc8 15. Bf6 Bxf6 16. Qxf6 Qd8 17. Qxd8+ Nxd8 18. Nf4 b5 19. Nd3 Nb7 20. Rfe1
a5 21. a3 Rab8 22. g4 Rc6 23. Kg2 Nd6 24. Re2 Rbb6 25. f3 Kg7 26. Nc5 $11 b4
27. Nd7 Rb7 28. Nc5 Rb8 29. Nd7 Rd8 30. Nc5 Kg8 31. a4 Rb6 32. Rc2 Nc4 33. Kf2
bxc3 34. Rxc3 Nxb2 35. Rb3 Rxb3 36. Nxb3 Nxa4 37. Nxa5 Rc8 38. Rb3 Rc2+ 39. Ke3
g5 40. Nb7 Nb2 41. Nd6 Kg7 42. Rb7 Nc4+ 43. Nxc4 Rc3+ 44. Kd2 Rxc4 45. Kd3 Rc1
0-1

[Event "Düsseldorfer SK 2 - SC Rochade Emsdette"]
[Site "NRW-Klasse. Gruppe 1 2017/201"]
[Date "2018.01.28"]
[Round "5.8"]
[White "Kesseler, Heiko"]
[Black "Hemmers, Dieter"]
[Result "1-0"]
[WhiteElo "2016"]
[BlackElo "1816"]
[PlyCount "59"]
[EventDate "2018.??.??"]
[WhiteTeam "Düsseldorfer SK 2"]
[BlackTeam "SC Rochade Emsdetten 1"]

1. e4 c5 2. Nc3 Nc6 3. Bb5 g6 4. Nf3 Bg7 5. O-O a6 6. Bxc6 dxc6 7. h3 Nf6 8. d3
O-O 9. Be3 b6 10. Qd2 Ne8 11. Bh6 Nd6 12. Rad1 Re8 13. Bxg7 Kxg7 14. d4 Nb5 15.
Qe3 cxd4 16. Nxd4 Nxd4 17. Rxd4 Qc7 18. Rfd1 e5 19. Rd6 Be6 20. Qg5 f6 21. Qd2
g5 22. Ne2 Ra7 23. Ng3 Qc8 24. Qc3 Rc7 25. Qf3 Rf8 26. Nh5+ Kg6 27. g4 Rd7 28.
Kg2 Re7 29. Rd8 Bxg4 30. hxg4 1-0

[Event "SV Erkenschwick 1 - SG Niederkassel 1"]
[Site "NRW-Klasse. Gruppe 1 2017/201"]
[Date "2018.01.28"]
[Round "5.1"]
[White "Wigger, Jochen"]
[Black "De Vreugt, Dennis"]
[Result "0-1"]
[WhiteElo "2246"]
[BlackElo "2417"]
[PlyCount "122"]
[EventDate "2018.??.??"]
[WhiteTeam "SG Niederkassel 1"]
[BlackTeam "SV Erkenschwick 1"]

1. b3 e5 2. Bb2 d6 3. e3 Nf6 4. c4 Nbd7 5. d4 c6 6. Nc3 Be7 7. Nf3 O-O 8. Bd3
Re8 9. O-O Bf8 10. Qc2 a6 11. Rad1 g6 12. Rfe1 b5 13. dxe5 dxe5 14. Ne4 b4 15.
Qb1 Nxe4 16. Bxe4 Qc7 17. Rd2 a5 18. Bc2 Nc5 19. Red1 Bg4 20. h3 Bxf3 21. gxf3
Qe7 22. Bd3 a4 23. bxa4 Rxa4 24. Bf1 Rea8 25. Bc1 R4a7 26. Bg2 Qe6 27. Rc2 Rb7
28. Bd2 b3 29. axb3 Rxb3 30. Rb2 Qxc4 31. Bf1 Qe6 32. Be1 Rxb2 33. Qxb2 Qf5 34.
Bg2 Rc8 35. Qa2 Ne6 36. Qa4 c5 37. Rc1 Rd8 38. Bc3 Bg7 39. Qc4 h5 40. h4 g5 41.
hxg5 Nxg5 42. Qh4 Qg6 43. Kh2 Rd3 44. f4 exf4 45. Bxg7 Kxg7 46. Qxf4 Ne6 47.
Qe5+ Qf6 48. Qg3+ Kf8 49. Bh3 h4 50. Qg2 Rd2 51. Kg1 Ng5 52. Rf1 c4 53. Qg4 c3
54. Bg2 c2 55. Qc8+ Kg7 56. f4 Ne6 57. Be4 Nd4 58. Qg4+ Kf8 59. Qc8+ Kg7 60.
Qg4+ Kh6 61. Kh1 Ne2 0-1

[Event "SV Erkenschwick 1 - SG Niederkassel 1"]
[Site "NRW-Klasse. Gruppe 1 2017/201"]
[Date "2018.01.28"]
[Round "5.2"]
[White "Willemze, Thomas"]
[Black "Bussard, Christian"]
[Result "1-0"]
[WhiteElo "2409"]
[BlackElo "2203"]
[PlyCount "105"]
[EventDate "2018.??.??"]
[WhiteTeam "SV Erkenschwick 1"]
[BlackTeam "SG Niederkassel 1"]

1. e4 e5 2. Nf3 d6 3. Bc4 Be7 4. O-O Nf6 5. Re1 O-O 6. c3 Nxe4 7. Rxe4 d5 8.
Bxd5 Qxd5 9. Rxe5 Qd8 10. d4 Nc6 11. Re1 Bg4 12. Bf4 Bd6 13. Bxd6 Qxd6 14. Nbd2
Nd8 15. Nc4 Qa6 16. Nce5 Bf5 17. Nh4 Qf6 18. Nxf5 Qxf5 19. Qd3 Qxd3 20. Nxd3
Ne6 21. d5 Rfd8 22. dxe6 Rxd3 23. e7 Re8 24. Red1 Rd6 25. Rxd6 cxd6 26. Re1 f6
27. Re6 Kf7 28. Rxd6 Rxe7 29. Kf1 Kg6 30. Rd5 Kf7 31. c4 Rc7 32. b3 Re7 33. Rd2
h5 34. Re2 Rd7 35. Ke1 Kg6 36. Rd2 Re7+ 37. Kd1 h4 38. Rd4 Kh5 39. Kd2 g5 40.
h3 Kg6 41. b4 Kf5 42. c5 Rc7 43. Kd3 Re7 44. b5 Re1 45. Rc4 Rd1+ 46. Ke2 Rd7
47. c6 bxc6 48. bxc6 Rc7 49. Kf3 Ke5 50. Kg4 Kd5 51. Rc2 Ke5 52. Re2+ Kd5 53.
Kf5 1-0

[Event "SV Erkenschwick 1 - SG Niederkassel 1"]
[Site "NRW-Klasse. Gruppe 1 2017/201"]
[Date "2018.01.28"]
[Round "5.3"]
[White "Schienmann, Bruno"]
[Black "Erwich, Frank"]
[Result "1/2-1/2"]
[WhiteElo "2263"]
[BlackElo "2313"]
[PlyCount "62"]
[EventDate "2018.??.??"]
[WhiteTeam "SG Niederkassel 1"]
[BlackTeam "SV Erkenschwick 1"]

1. d4 Nf6 2. c4 e6 3. Nc3 Bb4 4. e3 O-O 5. Nge2 c6 6. g3 d5 7. Qb3 Be7 8. Bg2
dxc4 9. Qxc4 b5 10. Qb3 b4 11. Na4 Ba6 12. Bd2 Qa5 13. Nc5 Bxc5 14. dxc5 Nbd7
15. Bxb4 Qc7 16. Qa3 Qb7 17. Bc3 Bxe2 18. Bxf6 gxf6 19. Kxe2 Qb5+ 20. Ke1 Ne5
21. Bf1 Nf3+ 22. Kd1 Rfd8+ 23. Kc1 Qb7 24. Be2 Ne5 25. f4 Nd7 26. Kc2 a5 27.
Rac1 a4 28. Rhd1 Rdb8 29. Rd2 Ra5 30. Kd1 Qa7 31. Rdc2 f5 1/2-1/2

[Event "SV Erkenschwick 1 - SG Niederkassel 1"]
[Site "NRW-Klasse. Gruppe 1 2017/201"]
[Date "2018.01.28"]
[Round "5.4"]
[White "Van Beek, Alexander"]
[Black "Stanetzek, Carsten"]
[Result "1-0"]
[WhiteElo "2229"]
[BlackElo "2109"]
[PlyCount "75"]
[EventDate "2018.??.??"]
[WhiteTeam "SV Erkenschwick 1"]
[BlackTeam "SG Niederkassel 1"]

1. e4 e5 2. Nf3 Nc6 3. Bc4 Bc5 4. O-O Nf6 5. d3 O-O 6. c3 d5 7. exd5 Nxd5 8.
Re1 Bg4 9. Nbd2 Nb6 10. Bb5 Bd6 11. h3 Bh5 12. Ne4 Kh8 13. Ng3 Bg6 14. Bg5 f6
15. Be3 Ne7 16. d4 e4 17. Nh4 c6 18. Bf1 f5 19. Bg5 Qc7 20. c4 c5 21. b4 Bxg3
22. fxg3 cxb4 23. d5 Ng8 24. Bf4 Qf7 25. Nxg6+ Qxg6 26. c5 Nd7 27. Qd4 Ngf6 28.
Be2 a5 29. c6 bxc6 30. dxc6 Nb8 31. Bb5 Nh5 32. Rac1 Nxf4 33. gxf4 Na6 34. c7
Rac8 35. Rc6 Qe8 36. Rec1 e3 37. Bxa6 e2 38. Qe5 1-0

[Event "SV Erkenschwick 1 - SG Niederkassel 1"]
[Site "NRW-Klasse. Gruppe 1 2017/201"]
[Date "2018.01.28"]
[Round "5.5"]
[White "Rybarczyk, Klaus"]
[Black "Langers, Alexander"]
[Result "0-1"]
[WhiteElo "2154"]
[BlackElo "2166"]
[PlyCount "96"]
[EventDate "2018.??.??"]
[WhiteTeam "SG Niederkassel 1"]
[BlackTeam "SV Erkenschwick 1"]

1. c4 e5 2. g3 Nf6 3. Bg2 d5 4. cxd5 Nxd5 5. Nf3 Nc6 6. Nc3 Nb6 7. O-O Be7 8.
a3 O-O 9. b4 a6 10. d3 Re8 11. Rb1 Bf8 12. Ne4 a5 13. b5 Nd4 14. e3 Nxf3+ 15.
Bxf3 a4 16. Qc2 Be6 17. Rd1 Bb3 18. Rxb3 axb3 19. Qxb3 Qd7 20. Kg2 Na4 21. d4
Ra5 22. Ng5 Re7 23. Bd2 Qxb5 24. Qc2 e4 25. Nxe4 Ra6 26. d5 Qe8 27. Ng5 g6 28.
Bb4 Re5 29. Ne4 Bxb4 30. axb4 Qe7 31. b5 Ra8 32. Rc1 Nb6 33. Qxc7 Nxd5 34. Qc4
Nb6 35. Qd4 Rc8 36. Rd1 Nd5 37. h4 Re8 38. Ng5 Nf6 39. Qa7 Rxb5 40. Rd4 Rb2 41.
Rf4 Rd8 42. g4 Rdd2 43. Qa8+ Kg7 44. Nxf7 Rxf2+ 45. Kg3 Qxf7 46. Qd8 Rbd2 47.
Qa5 Qe7 48. Qa1 Rb2 0-1